| 000 | 00405nam a22001577a 4500 | ||
|---|---|---|---|
| 020 | _a9788131806456 | ||
| 082 |
_a624.1834 _bPUN/DE |
||
| 100 |
_aPunmia B.C. _91174 |
||
| 100 |
_aJain,Ashok Kumar _9504 |
||
| 100 |
_aJain,Arun kumar _9505 |
||
| 245 | _aComprehensive Design of Steel Structures | ||
| 250 | _a2 nd | ||
| 260 |
_aBangalore _bLaxmi Publications (P) Ltd _c2011 |
||
| 300 | _a1156 | ||
| 942 | _cBK | ||
| 999 |
_c14671 _d14671 |
||